Представление документа в формате RUSMARC

ПолеНазваниеЗначение
  Тип записи a
  Библиографический уровень m
001 Контрольный номер d639655c173342809fa86daea67bf43d
005 Дата корректировки 20151209163530.5
010 Индекс ISBN __
a ISBN 5-238-00661-6
200 Заглавие и сведения об ответственности 1_
a Заглавие Аудит импортных операций
e Сведения, относящиеся к заглавию практ.пособие
f Первые сведения об ответственности Галина Кулинина,Светлана Юшкова;под ред.В.И.Подольского
210 Выходные данные 1_
a Место издания М.
c Издательство ЮНИТИ
d Дата издания 2004
215 Физическое описание __
a Объем 190 с.
225 Серия 2_
a Серия Аудит:организация и технологии
610 Ключевые слова 0_
a Ключевые слова аудит
610 Ключевые слова 0_
a Ключевые слова аудиторская деятельность
610 Ключевые слова 0_
a Ключевые слова внешнеэкономические операции
610 Ключевые слова 0_
a Ключевые слова импортные операции
686 Индексы других классификаций __
a Классификационный индекс 65.052.9(2)215
2 Код системы rubbk
686 Индексы других классификаций __
a Классификационный индекс 65.9(2)843
2 Код системы rubbk
700 Автор _1
a Фамилия Кулинина
b Имя Г. В.
g Полное личное имя Галина Васильевна
801 Источник записи _0
a Страна RU
b Организация РУК
c Дата составления 20040920
g Правила каталогизации PSBO
801 Источник записи _1
a Страна RU
b Организация РУК
c Дата составления 20040920
g Правила каталогизации PSBO
852 Данные о местонахождении __
i Авторский знак К90
j Шифр хранения ББК 65.052
901 Тип документа __
t Тип документа m
938 Служебная информация __
a Название организации Головной вуз
b Имя БД BOOK
c Название АИБС АИБС ИРБИС
938 Служебная информация __
a Название организации Ижевский филиал
938 Служебная информация __
a Название организации Владимирский филиал